Welcome to the Holygrace Academy Library

Please use search bar below to get started

SMS FOR ALL (Record no. 5685)

MARC details
000 -LEADER
fixed length control field 00260nam a22001217a 4500
082 ## - DEWEY DECIMAL CLASSIFICATION NUMBER
Classification number 080
Item number VEL/S
100 ## - MAIN ENTRY--AUTHOR NAME
Personal name VELUPADAM, JOHNSON
245 ## - TITLE STATEMENT
Title SMS FOR ALL
260 ## - PUBLICATION, DISTRIBUTION, ETC. (IMPRINT)
Place of publication THRISSUR
Name of publisher H & C PUBLISHING
Year of publication 2009
300 ## - PHYSICAL DESCRIPTION
Number of Pages 96
650 ## - SUBJECT ADDED ENTRY--TOPICAL TERM
Topical Term JOKES
Geographic subdivision KERALA
942 ## - ADDED ENTRY ELEMENTS (KOHA)
Koha item type Books
Holdings
Withdrawn status Lost status Collection code Home library Current library Shelving location Date acquired Source of acquisition Cost, normal purchase price Full call number Accession Number Koha item type
    Non-fiction Main Library Main Library SHELF 15E--PSYCHOLOGY,JOKES 21/03/2015 purchase 10.00 080 VEL/S 03493 Books
    Fiction Main Library Main Library SHELF 15E--PSYCHOLOGY,JOKES 23/03/2015 purchase 10.00 080 VEL/S 03495 Books